000 00591nam a2200181 i 4500
001 118921
003 ES-MaACL
005 20230906191215.0
007 t|
008 070214s1932 sp |||| | spa d
100 1 _aPey Ordeix, Segismundo.
_991586
245 1 0 _aPatología nacional
_b: jesuitas y judíos ante la República : estudio histórico-crítico /
_cSegismundo Pey Ordeix.
260 _aBarcelona :
_bMaucci,
_c1932.
300 _a348 p., 9 lám. :
_bil. ;
_c21 cm.
610 2 4 _aJesuitas-
_zEspaña.
_9159751
650 0 4 _aJudíos-
_zEspaña.
_913983
852 _aES-MaACL
_jA-899
999 _c118921
_d118921